| 000 | 00826nam a2200217Ia 4500 | ||
|---|---|---|---|
| 999 |
_c39459 _d39459 |
||
| 001 | 6052 | ||
| 003 | GE_BSU | ||
| 005 | 20190918122934.0 | ||
| 008 | 181216s1988||||ge |||||||||||||| ||geo|| | ||
| 040 | _cGE_BSU | ||
| 041 | _ageo | ||
| 080 | _a821.353.1-92 ა-66 | ||
| 100 |
_aანთაძე, მიხეილ _94086 |
||
| 245 |
_aუსიამო ვნებები : _bმოთხრობები / _cმ. ანთაძე ; რედ. მილიცა ჯაფარიძე. |
||
| 264 |
_aთბილისი : _bმერანი ; _c1988. |
||
| 300 |
_a192 გვ. ; _c20 სმ. |
||
| 653 | _aუსიამო ვნებები | ||
| 653 | _aმოთხრობები | ||
| 700 |
_aჯაფარიძე, მილიცა _eრედაქტორი _94087 |
||
| 942 |
_cBK _2udc |
||